000 01051cam a2200301 i 4500
001 123038
005 20230404125641.0
008 160826s2007 mx r 000 0 spa d
020 _a9781921235337
020 _a1921235330
041 0 _aspa
050 1 4 _aCD F
100 1 _aGuevara, Ernesto,
_d1928-1967.
245 1 0 _aEn la conferencia Afroasiática en Argelia /
_cErnesto Che Guevara
246 3 _aConferencia Afroasiática en Argelia
260 _aMéxico, D. F. :
_bOcean Sur,
_c2007
300 _aiv, 19 p. ;
_c22 cm.
440 0 _aLecturas para la reflexión. Ernesto Che Guevara
500 _a"Discurso pronunciado en el Segundo Seminario Económico de Solidaridad Afroasiática"
600 1 4 _aGuevara, Che,
_d1928-1967
_xPensamiento político y social.
650 4 _aSocialismo
_zPaíses en desarrollo.
650 4 _aEstrategia comunista.
600 1 0 _aGuevara, Che,
_d1928-1967
_xPolitical and social views.
650 0 _aSocialism
_zDeveloping countries.
650 0 _aCommunist strategy.
942 _2lcc
_ccd
946 _aJaaM
999 _c1869
_d1869